Statistiques concernant Pokémon - Devinez le Type de ces Pokémon

Cliquez ici pour prendre le quiz!

Statistiques générales

  • Ce quiz a été pris 232 fois
  • Le résultat moyen est 7 sur 10

Statistiques - réponses

GénérationPokémonType(s)% Correct
3ème générationMétangAcier Psy
100%
5ème générationReshiramDragon Feu
100%
6ème générationNymphaliFée
100%
1ère générationDracaufeuFeu Vol
100%
2ème générationCizayoxInsecte Acier
100%
3ème générationDelcattyNormal
100%
1ère générationPorygonNormal
100%
3ème générationLatiasPsy dragon
100%
5ème générationDeflaisanNormal Vol
88%
1ère générationDracoDragon
86%
3ème générationLaggronEau Sol
86%
5ème générationJudokrakCombat
83%
6ème générationFlambusardFeu Vol
83%
5ème générationCouverdureInsecte Plante
83%
6ème générationChevroumPlante
83%
4ème générationCréfolletPsy
83%
2ème générationLugiaPsy Vol
83%
6ème générationPandarbareCombat Ténèbres
80%
1ère générationAmonistarEau Roche
80%
2ème générationPichuÉlectrik
80%
2ème générationCoxyclaqueInsecte Vol
80%
4ème générationRoseradePlante Poison
80%
4ème générationGallamePsy Combat
80%
1ère générationBulbizarrePlante Poison
78%
3ème générationTengalicePlante Ténèbres
78%
6ème générationXerneasFée
75%
2ème générationScarhinoInsecte Combat
75%
2ème générationNostenferPoison Vol
73%
2ème générationZarbiPsy
73%
1ère générationLamantineEau Glace
71%
4ème générationMotismaÉlectrik Spectre
71%
6ème générationBruyverneDragon Vol
67%
6ème générationDesséliandePlante Spectre
63%
4ème générationCarchacrokDragon Sol
60%
5ème générationSorboulGlace
60%
7ème générationDenticrisseEau Psy
58%
7ème générationLunalaPsy Spectre
56%
5ème générationFulgurisÉlectrik Vol
50%
2ème générationCelebiPlante Psy
50%
5ème générationGringolemSol Spectre
50%
7ème générationBoumataFeu Dragon
40%
7ème générationAma-AmaRoche Acier
33%
7ème générationSinistrailPlante Spectre
29%
7ème générationPierroteknikFeu Spectre
25%
7ème générationTritoxPoison Feu
25%

Distribution des résultats

Percentile par nombre de réponses

% des personnes avec chaque résultat

Votre développement - résultats

Vous n’avez pas pris ce quiz